| 000 | 00544nam a2200193 4500 | ||
|---|---|---|---|
| 001 | 127512 | ||
| 003 | ES-MaACL | ||
| 005 | 20250905063048.0 | ||
| 007 | t| | ||
| 008 | 070214s1955 sp r ||||1| spa d | ||
| 100 | 1 |
_aRisco, Vicente, _d1884-1963 _997461 |
|
| 245 | 1 | 0 |
_aHistoria de los judíos / _cVicente Risco. |
| 250 | _a2ª ed. | ||
| 260 |
_aBarcelona : _bSurco, _c1955. |
||
| 300 |
_a564 p., 14 lám. ; _c22 cm. |
||
| 650 |
_aJudíos- _vHistoria. _913994 |
||
| 852 |
_aES-MaACL _jC-10265 _bR.38366 |
||
| 999 |
_c127512 _d127512 |
||